MARC

LEADER 00000nam0a2200000 4500
001 307580
005 20231102002016.0
035 |a (RuTPU)RU\TPU\book\332873 
090 |a 307580 
100 |a 20151022d1968 m y0rusy50 ca 
101 0 |a rus 
102 |a RU 
105 |a a j 001zy 
200 1 |a Автоматическое регулирование котельных установок  |e учебное пособие  |f С. П. Фатеев  |g Ленинградская военная инженерная Краснознаменная академия им. А. Ф. Можайского (ЛВИКА) 
210 |a Ленинград  |c Изд-во ЛВИКА  |d 1968 
215 |a 104 с.  |c ил.  |e 1 л. схема 
320 |a Библиогр.: с. 102. 
606 1 |a Котельные установки  |x Автоматическое регулирование  |2 stltpush  |3 (RuTPU)RU\TPU\subj\15981  |9 42176 
610 1 |a учебные пособия 
610 1 |a паровые котлы 
610 1 |a автоматическое регулирование 
610 1 |a электронные регуляторы 
610 1 |a настройка 
610 1 |a эксплуатация 
610 1 |a схемы 
610 1 |a техническое обслуживание 
675 |a 621.18-5(075.8)  |v 4 
700 1 |a Фатеев  |b С. П. 
712 0 2 |a Ленинградская военная инженерная Краснознаменная академия им. А. Ф. Можайского (ЛВИКА)  |2 stltpush  |3 (RuTPU)RU\TPU\col\2704 
801 1 |a RU  |b 63413507  |c 20151022 
801 2 |a RU  |b 63413507  |c 20151029  |g RCR 
942 |c BK